Spotrebiteľské využívanie internetu

Význam internetu v nákupnom správaní spotrebiteľa. Čas trávený na internete - výsledky štúdie. On line nakupovanie. Výhody a nevýhody nakupovania cez internet.

Salvato in:
Dettagli Bibliografici
Autore principale: Mráziková, Martina
Natura: Capitolo di libro
Lingua:slovacco
Soggetti:
Tags: Aggiungi Tag
Nessun Tag, puoi essere il primo ad aggiungerne!!

MARC

LEADER 00000naa$a2200000$$$4500
001 0081093
005 20240522074805.9
041 0 |a slo 
044 |a SK 
245 1 0 |a Spotrebiteľské využívanie internetu  |c Martina Mráziková 
520 |a Význam internetu v nákupnom správaní spotrebiteľa. Čas trávený na internete - výsledky štúdie. On line nakupovanie. Výhody a nevýhody nakupovania cez internet. 
610 2 0 |a internet 
610 2 0 |a komunikácia 
610 2 0 |a informácie 
610 2 0 |a nákup 
610 2 0 |a spotrebitelia 
610 2 0 |a správanie spotrebiteľa 
610 2 0 |a Slovensko 
100 1 |a Mráziková, Martina